000
00218nam a22000857a 4500
008
160824b xxu||||| |||| 00| 0 eng d
100
_9
235
_a
Shamsi, K.N., et al
245
_a
Computers Update - 3
260
_a
New delhi
_c
2006
999
_c
2891
_d
2891